NBA Players By Letter - G - Statistics

General Stats
  • This quiz has been taken 567 times
    550 since last reset
  • The average score is 17 of 22
Answer Stats
First Name Surname Team % Correct
Marc Gasol Memphis Grizzlies
99%
Pau Gasol San Antonio Spurs
99%
Danny Green San Antonio Spurs
99%
Draymond Green Golden State Warriors
99%
Gerald Green Boston Celtics
99%
JaMychal Green Memphis Grizzlies
99%
Jeff Green Orlando Magic
99%
Blake Griffin Los Angeles Clippers
97%
Aaron Gordon Orlando Magic
95%
Eric Gordon Houston Rockets
95%
Rudy Gobert Utah Jazz
90%
Jerami Grant Oklahoma City Thunder
90%
Jerian Grant Chicago Bulls
90%
Rudy Gay Sacramento Kings
87%
Taj Gibson Chicago Bulls
86%
Danilo Gallinari Denver Nuggets
83%
Paul George Indiana Pacers
80%
Marcin Gortat Washington Wizards
66%
Langston Galloway New Orleans Pelicans
51%
Alonzo Gee Denver Nuggets
23%
Treveon Graham Charlotte Hornets
19%
Michael Gbinije Detroit Pistons
3%
No matching quizzes found
Score Distribution
Percent of People with Each Score
Percentile by Number Answered
Your Score History
You have not taken this quiz since the last reset